000 01972nam a22002777a 4500
003 URS
005 20240718180840.0
008 240718b |||||||| |||| 00| 0 eng d
020 _a 9781451191042
040 _bEnglish
_cURS
_erda
050 _aRA776.75
_b.H349 2014
245 0 _aHealthy aging :
_bprinciples and clinical practice for clinicians /
_c[edited by] Virginia Burggraf, Kye Y. Kim, Aubrey L. Knight.
264 _aPhiladelphia :
_bWolters Kluwer Health/Lippincott Williams & Wilkins, c2014.
_c©2014.
300 _axv, 707 pages :
_bcolor illustrations ;
_c22 cm.
336 _atext
_btxt
_2rdacontent
337 _aunmediated
_bn
_2rdamedia
338 _avolume
_bnc
_2rdacarrier
504 _aIncludes bibliographical references.
505 _a Chapter 1. Advanced practice for geriatric clinicians - Chapter 2. Healthy people 2020: impilcations for practice - Chapter 3. Comprehensive geriatric assessment - Chapter 4 . Cadiovascular disease - Chapter 5. Skin cancer- Chapter 6. Gastrointestinal disease - Chapter 7. Neurologic disorders - Chapter 8. Pulmonary disease - Chapter 9. Diabetes - Chapter 10. Nutrition - Chapter 11. Exercise - Chapter 12. Osteoporosis - Chapter 13. Arthritis, gout, and chronic pain - Chapter 14. Kidney disease - Chapter 15. Septicemia and infection - Chapter 16. Anemia and leukemia - Chapter 17. Pressure ulcers - Chapter 18. Medication safety - Chapter 19. Psychiatric assessment and diagnostic evaluation - Chapter 20. Psychosocial challenges - Chapter 21.tAlchohol use disorders - Chapter 22.tSubstance abuse - Chapter 23.tDementia - Chapter 24.tBipolar disorder - Chapter 25.tSchizophrenia - Chapter 26.tDepression - Chapter 27.tSuicide - Chapter 28.tAnxiety disorders - Chapter 29.tEnd-of-life care.
650 0 _aAging.
_95891
650 0 _aAged.
_95892
700 _aBurggraf, Virginia,
_eauthor.
_95893
700 _aKim, Kye Y.,
_eauthor.
_95894
700 _aKnight, Aubrey L.,
_eauthor.
_95895
942 _cFR
_2lcc
999 _c80718
_d80717